| 000 | 01442cam a22003374a 4500 | ||
|---|---|---|---|
| 999 |
_c535596 _d535596 |
||
| 001 | 17787488 | ||
| 003 | NUST | ||
| 005 | 20200917155049.0 | ||
| 008 | 130621s2014 maua 001 0 eng | ||
| 010 | _a 2013023097 | ||
| 020 | _a0321878965 (hardcover) | ||
| 038 | _aMSOHAIL | ||
| 040 |
_aDLC _cDLC _dDLC |
||
| 042 | _apcc | ||
| 050 | 0 | 0 |
_aQA303.2 _b.W45 2014 |
| 082 | 0 | 0 |
_a515 _223 _bTHO |
| 245 | 0 | 0 |
_aThomas' calculus / _cbased on the original work by George B. Thomas, Jr., Massachusetts Institute of Technology ; as revised by Maurice D. Weir, Naval Postgraduate School ; Joel Hass, University of California, Davis, with the assistance of Christopher Heil, Georgia Institute of Technology. |
| 250 | _aThirteenth edition. | ||
| 264 | 0 |
_aBoston : _bPearson, _c[2014] |
|
| 300 |
_axiv, 1032 pages : _billustrations (some colored) ; _c28 cm. |
||
| 500 | _aUpdated edition of: Thomas' calculus : early transcendentals / as revised by Maurice D. Weir, Joel Hass. c2010. | ||
| 504 | _aIncludes index. | ||
| 650 | 0 |
_aCalculus _vTextbooks. _94507 |
|
| 650 | 0 |
_aGeometry, Analytic _vTextbooks. _94508 |
|
| 700 | 1 |
_aHass, Joel. _94510 |
|
| 700 | 1 |
_aWeir, Maurice D. _94506 |
|
| 856 | 4 | 1 |
_3Table of contents only _uhttp://www.loc.gov/catdir/toc/fy15pdf02/2013023097.html |
| 906 |
_a7 _bcbc _corignew _d1 _eecip _f20 _gy-gencatlg |
||
| 942 |
_2ddc _cBK |
||